| 000 | 00897cam a22002413a 4500 | ||
|---|---|---|---|
| 001 | 27025 | ||
| 003 | PGUSA | ||
| 005 | 20140828083601.0 | ||
| 008 | 081025s2008||||xxu|||||s|||||000 | eng d | ||
| 040 |
_aPGUSA _beng |
||
| 042 | _adc | ||
| 050 | 4 | _aPR | |
| 100 | 1 |
_aWatts-Dunton, Theodore, _d1832-1914 |
|
| 245 | 1 | 0 |
_aOld Familiar Faces _h[electronic resource] / _cTheodore Watts-Dunton |
| 260 |
_bProject Gutenberg, _c2008 |
||
| 505 | 0 | _aIntroduction -- George Borrow -- Dante Gabriel Rossetti -- Alfred, lord Tennyson -- Christina Georgina Rossetti -- Dr. Gordon Hake -- John Leicester Warren, lord de Tabley -- William Morris -- Francis Hindes Groome. | |
| 506 | _aPublic domain in the USA. | ||
| 516 | _aElectronic text | ||
| 653 | _aAuthors, English -- 19th century -- Biography | ||
| 830 | 0 |
_aProject Gutenberg _v27025 |
|
| 856 | 4 | 0 | _uhttp://www.gutenberg.org/ebooks/27025 |
| 942 | _cEB | ||
| 999 |
_c256280 _d256280 |
||